| 000 | 00806 a2200241 4500 | ||
|---|---|---|---|
| 001 | 118999 | ||
| 020 | _a9781407171241 | ||
| 020 | _q(broch.) | ||
| 041 | _aeng | ||
| 082 | _a[Fic] | ||
| 100 | _aCoe, Catherine | ||
| 300 | _a112 p. | ||
| 490 | _aThe Unicors of Blossom Wood | ||
| 520 | _aIsabelle, Cora and Lei find themselves whisked away to a magical land where they're no longer girls but unicorns! Join them on their adventures in Blossom Wood as they make new animal friends and learn to use their special unicorn magic! | ||
| 521 | _aYear 3 | ||
| 697 | _aChildren's literature | ||
| 856 | _u000033/00003398.jpg | ||
| 040 |
_aBR-BrIDEA _cBR-BrIDEA |
||
| 090 |
_aA Year 3 [Fic] _bCOE |
||
| 245 | 1 | 0 |
_aStorms and rainbows _cCatherine Coe |
| 260 |
_aLondon _bScholastic _c2017 |
||
| 942 | _cBK | ||
| 999 |
_c118999 _d118999 |
||